|
|
|
|
| LEADER |
00000nam a22000007a 4500 |
| 005 |
20200608220427.0 |
| 007 |
cr|||| |||| |
| 008 |
200608s2020 mx |||||s|||| 00||0 spa d |
| 020 |
|
|
|a 978-368-726-997-7
|
| 035 |
|
|
|a 31711
|
| 040 |
|
|
|a vLex
|
| 090 |
|
|
|c 10579
|d 10579
|
| 100 |
1 |
|
|a Romo Garca̕, Jaime
|
| 245 |
1 |
2 |
|a La defensa fiscal y sus principios bs̀icos 2020
|h [Recurso electrn̤ico] /
|c Jaime Romo Garca̕
|
| 256 |
|
|
|a Servicio en ln̕ea
|
| 260 |
|
|
|a Ciudad de Mx̌ico:
|b Ediciones Fiscales ISEF,
|c 2020
|
| 300 |
|
|
|a 1 recurso electrn̤ico
|
| 500 |
|
|
|a Esta obra contempla algunas consideraciones sobre los derechos humanos, aludiendo a su definicin̤ y clasificacin̤, proporcionando conceptos fundamentales de uso constante en las materias fiscal y administrativa, analizando la jerarquizacin̤ de las leyes en Mx̌ico y la posicin̤ que guardan los tratados internacionales frente a la Constictucin̤ Polt̕ica de los Estados Unidos Mexicanos, haciendo tambien especial ňfasis en el cm̤puto de los plazos, a modo de que la presentacin̤ de los medios de defensa que la ley nos da, sean oportunos. Tambiň aborda el procedimiento administrativo de fiscalizacin̤ ( VISITA DOMICILIARIA) abarcando todas y cada una de sus etapas, analizando sendas tesis y jurisprudencias aplicables en la materia.
|
| 506 |
1 |
|
|a Disponible solo en los productos indicados
|d vLex Global
|d vLex Global (Academic Edition, excluding Law Schools)
|d vLex Global (U.S. Academic Edition, Law Schools)
|d vLex Global (U.S. Academic Edition, excluding Law Schools)
|d vLex Global (Academic Edition, Law Schools)
|
| 650 |
0 |
4 |
|a Derecho Fiscal
|z Mx̌ico
|
| 740 |
0 |
|
|a vLex Libros (Servicio en ln̕ea)
|
| 856 |
4 |
0 |
|u http://vlex.com/source/defensa-fiscal-y-sus-principios-basicos-2020-31711
|z Acceso restringido
|
| 942 |
|
|
|c BOOK
|
| 999 |
0 |
|
|a Tax Law
|